| 000 | 00718nam a2200253 a 4500 | ||
|---|---|---|---|
| 001 | 000011366 | ||
| 003 | DO-SdBNP | ||
| 005 | 20250624095822.0 | ||
| 007 | ta | ||
| 008 | 091016s1991 dr 000 0 spa d | ||
| 040 |
_aDO-SdBNP _bspa _cBNPHU |
||
| 082 | 4 |
_a616.89 _bZ18m, 1991 _222 |
|
| 100 | 1 |
_aZaglul, Antonio, _d1920-1996 _969657 |
|
| 245 | 1 | 0 |
_aMis 500 locos / _cAntonio Zaglul. |
| 246 | _aMis quinientos locos | ||
| 250 | _a11a ed. | ||
| 260 |
_aSanto Domingo : _bTaller, _c1991. |
||
| 300 |
_a159 p. ; _c21 cm. |
||
| 590 | _aInventariado, 2018/LP | ||
| 650 | 4 |
_aPsiquiatría _xCasos, historias clínicas, estadísticas _926969 |
|
| 650 | 4 |
_aTrastornos mentales _918252 |
|
| 910 | _aDG | ||
| 942 |
_2ddc _cLBS1 |
||
| 999 |
_c52152 _d52152 |
||